Sports Quiz

Random Sports or NCAA Quiz
Score 0/10 Timer 01:30
3 Plays Today
Year School % Correct
2004, 2009, 2011, 2014Connecticut
94.9%
1999Duke
79.7%
2017South Carolina
65.2%
2016Syracuse
52.4%
2005Michigan State
42.9%
2003Texas
42.7%
2013Louisville
39.5%
2002Oklahoma
32.4%
2006Louisiana State
24.6%
1983Georgia
17.9%
Remove Ads.
Support Sporcle.
Get the best of Sporcle when you Go Orange. This ad-free experience offers more features, more stats, and more fun while also helping to support Sporcle. Thank you for becoming a member.

You're not logged in!

Compare scores with friends on all Sporcle quizzes.
OR
Log In

Show Comments

Extras

Top Quizzes Today


Score Distribution

Your Account Isn't Verified!

In order to create a playlist on Sporcle, you need to verify the email address you used during registration. Go to your Sporcle Settings to finish the process.

Report this User

Report this user for behavior that violates our Community Guidelines.

Details: